BUBT Library Online Catalog

The Independent Consultant's Brochure and Letter Handbook (Record no. 5846)

000 -LEADER
fixed length control field 00479nam a22001817a 4500
003 - CONTROL NUMBER IDENTIFIER
control field BUBTL
008 - FIXED-LENGTH DATA ELEMENTS--GENERAL INFORMATION
fixed length control field 181218b xxu||||| |||| 00| 0 eng d
020 ## - INTERNATIONAL STANDARD BOOK NUMBER
International Standard Book Number 0471-597333
082 ## - DEWEY DECIMAL CLASSIFICATION NUMBER
Classification number 420 /
Item number HEI
100 ## - MAIN ENTRY--PERSONAL NAME
9 (RLIN) 2086
Personal name Holtz, Herman
245 ## - TITLE STATEMENT
Title The Independent Consultant's Brochure and Letter Handbook
250 ## - EDITION STATEMENT
Edition statement 1st
300 ## - PHYSICAL DESCRIPTION
Extent [x], 256p.
Dimensions English
500 ## - GENERAL NOTE
General note Includes Index
650 #0 - SUBJECT ADDED ENTRY--TOPICAL TERM
9 (RLIN) 194
Topical term or geographic name as entry element English Language
Topical term following geographic name as entry element English
856 ## - ELECTRONIC LOCATION AND ACCESS
Password 0
Logon 0
Link text Download
942 ## - ADDED ENTRY ELEMENTS (KOHA)
Source of classification or shelving scheme
Koha item type Books

No items available.

More Information About Library

Library Hours

  • Open: 9.00 am. to 9.00 pm.
  • Only Sunday: 9.00 am. to 6.00 pm.
  • Closed: Holiday

Contact to the University

Bangladesh University of Business and Technology Library

  • Mirpurl-2, 1216.
  • Phone:
  • Fax:
  • E-Mail: admin.library@bubt.edu.bd

Contact to the Library

Contact Person:

Md. Abdul Hakim Shah
Joint Librarian
PABX No:  113
Cell No: 01816332931
E-mail: official: admin.library@bubt.edu.bd
Personal: hakim.shah@bubt.edu.bd


BUBT Library

Copyright © 2021